00968 2200325 4500001002100000005001500021035002000036007000300056008004100059020002200100082001700122084001900139100002500158245007700183250003400260300003800294650002000332700003700352700003500389264003500424336002100459337003000480338002300510040002200533090002300555090002200578850001200600041000800612990002200620INLIS00000000084775820190523115830 a0010-0519001093ta190523s2018 yoi g f ind d a978-602-430-377-804223a899.2213 a899.2213 SIR g0 aSirhayaniePengarang10aGeigi /cSirhayani; penyunting, Hutami Suryaningtyas, Dila Maretihaqsari aCetakan pertama, Oktober 2018 a358 halaman :bilustrasi ;c21 cm 4aFiksi Indonesia0 aHutami SuryaningtyasePenyunting0 aDila MaretihaqsariePenyunting aSleman :bBentang Belia,c2018 2rdacontentateks 2rdamediaatanpa perantara 2rdacarrieravolume aYOPDYOGbinderda aDEP 899.2213 SIR g aCB-D.11 2018-2493 aYOPDYOG0 aind aCB-D.11/2018-2493